| 000 | 00660nam a2200229 i 4500 | ||
|---|---|---|---|
| 001 | 175525 | ||
| 003 | ES-MaACL | ||
| 005 | 20250824201130.0 | ||
| 007 | t| | ||
| 008 | 101103s1981 sp o r ||||1| spa d | ||
| 020 | _a84-85551-18-4 | ||
| 080 | _a821.134.2-1"19" | ||
| 100 | 1 |
_aRíos Ruiz, Manuel. _997393 |
|
| 245 | 1 | 4 |
_aUna inefable presencia / _cManuel Ríos Ruiz. |
| 250 | _a1ª ed. | ||
| 260 |
_aGranada : _bAntonio Ubago, _c1981. |
||
| 300 |
_a36 p. : _bil. ; _c21 cm. |
||
| 490 | 1 |
_aÁnade. Libros de poesía ; _v11 |
|
| 830 | 0 | 0 |
_aÁnade. _pLibros de poesía _v11 _9189790 |
| 852 |
_aES-MaACL _jE-13421 _xOlim P-330 |
||
| 999 |
_c175525 _d175525 |
||